| 000 | 00896nam a2200301Ia 4500 | ||
|---|---|---|---|
| 003 | OSt | ||
| 005 | 20220912145821.0 | ||
| 006 | a|||||r|||| 00| 0 | ||
| 007 | ta | ||
| 008 | 220909b |||||||| |||| 00| 0 eng d | ||
| 020 | _a9783527316014 (hbd) | ||
| 024 | _a83049 | ||
| 037 | _b99, 10/02/2009, Aviva Books Company | ||
| 037 | _cTextbook | ||
| 040 |
_aCSL _beng _cCSL |
||
| 041 | _aeng | ||
| 082 | _aE1981:3, P7.10 TES | ||
| 100 | _aParlar Harun Ed. | ||
| 245 | 0 | _aMak-collection for occupational health and safety | |
| 260 |
_aWeinheim Wiley _bVCH _c2007 |
||
| 300 |
_ap. _ccm. |
||
| 500 | _aIncludes bibliographical references. | ||
| 650 | _a Air monitoring | ||
| 650 | _a Health and safety | ||
| 650 | _aChemistry | ||
| 942 |
_hE1981:3, P7.10 TES _cTB _2CC |
||
| 999 |
_c38975 _d38975 |
||